=LDR 00000nam 2200000 4500 =001 INLIS000000000004567 =005 20250730020218 =035 ##$$a 0010-0725000378 =007 ta =008 250730################g##########0#ind## =082 ##$$a 304.660 =084 ##$$a 304.660 BAD l =245 1#$$a Laporan Menteri Negara Kependudukan/Kepala BKKBN Dalam Rapat Kerja Dengan Komisi VIII DPR-RI Masa Persidangan III Tahun 1993/1994 Tanggal 1 Februari 1994 /$c Badan Koordinasi Keluarga Berencana Nasional =260 ##$$a Jakarta :$b BKKBN,$c 1994 =300 ##$$a i, 99 hlm : $b ilus ; $c 29 cm =650 #4$$a program KB =110 2#$$a Badan Koordinasi Keluarga Berencana Nasional